LEADER 01664nam a2200325 i 4500 001 000000149300 003 CaOOAMICUS 005 20060329000000.0 008 060329s2006 sz u000 u mul u 013 $a126620 020 $a3-7278-1536-1 020 $a3-525-53010-2 040 $aSeMil$bita 100 1 $aO'Connell, Séamus.$0(OLS)http://semarc/name/58981 245 10$aFrom most ancient sources :$bthe nature and text-critical use of the Greek Old Testament text of the Complutensian Polyglot Bible /$cSéamus O'Connell. 260 $aGöttingen :$bVandenhoeck & Ruprecht,$ccopyr. 2006. 260 $aFribourg :$bAcademic Press,$ccopyr. 2006. 300 $axii, 178 p. :$btab. ;$c23 cm. 490 0 $aOrbis Biblicus et Orientalis ;$v215 500 $aContiene : Bibliography. 650 4$aBibbia - AT - Settanta - Commentari, studi, critica, interpretazioni.$0(OLS)http://semarc/subject/44858 650 4$aBibbia Complutense - AT.$0(OLS)http://semarc/subject/29162 830 0$aOrbis Biblicus et Orientalis ;$v215.$0(OLS)http://semarc/title/283 850 $aSeMil 852 $aSeMil$W1$xVenegono$y1$m2U VI 415$j227962$B101570$CSeMilBibl$Z2$F110205 $81 996 $6020$a3-7278-1536-1$9(OLS)http://semarc/number/138393 996 $6020$a3-525-53010-2$9(OLS)http://semarc/number/138394 996 $6245$aFrom most ancient sources :$bthe nature and text-critical use of the Greek Old Testament text of the Complutensian Polyglot Bible$9(OLS)http://semarc/title/218247 996 $6260$aFribourg :$bAcademic Press$9(OLS)http://semarc/publisher/34196 996 $6260$aGöttingen :$bVandenhoeck & Ruprecht$9(OLS)http://semarc/publisher/29697 LEADER 01030nam a2200253 i 4500 001 000000169182 003 CaOOAMICUS 005 20080213000000.0 008 080213s1918 it u000 u fre u 013 $a146585 040 $aSeMil$bita 100 1 $aGennari, Lucien.$0(OLS)http://semarc/name/63455 245 10$aFogazzaro /$cLucien Gennari ; préface de Henry Cochin. 250 $a2. éd. 260 $aParis :$bG. Beauchesne,$c1918. 300 $a212 p., [2] p. di tav. ;$c19 cm. 490 0 $aBibliothèque des Archives de philosophie 600 14$aFogazzaro, Antonio <1842-1911>.$0(OLS)http://semarc/subject/11376 700 1 $aCochin, Henry <1854-1926>.$0(OLS)http://semarc/name/37344 830 0$aBibliothèque des Archives de philosophie.$0(OLS)http://semarc/title/26800 850 $aSeMil 852 $aSeMil$W1$xVenegono$y1$m1O I 332$j238948$B120145$CSeMilBibl$Z2$F131479 $81 996 $6245$aFogazzaro$9(OLS)http://semarc/title/240312 996 $6260$aParis :$bG. Beauchesne$9(OLS)http://semarc/publisher/35308